Lecciones preliminares de filosofía (Registro nro. 4117)

Detalles MARC
000 -LEADER
fixed length control field 01491 a2200217 4500
001 - CONTROL NUMBER
control field 46015
005 - DATE AND TIME OF LATEST TRANSACTION
control field 20260407155733.0
008 - FIXED-LENGTH DATA ELEMENTS--GENERAL INFORMATION
fixed length control field 260407a1963 arg spa d
003 - CONTROL NUMBER IDENTIFIER
control field AR-UNSa-BCEJYS
040 ## - CATALOGING SOURCE
Original cataloging agency AR-UNSa-BCEJYS
Language of cataloging spa
Transcribing agency AR-UNSa-BCEJYS
080 ## - UNIVERSAL DECIMAL CLASSIFICATION NUMBER
Universal Decimal Classification number 101
Common auxiliary subdivision Naturaleza y papel de la filosofía
041 ## - LANGUAGE CODE
Language code of text/sound track or separate title spa
100 1# - MAIN ENTRY--PERSONAL NAME
Personal name García Morente, Manuel
245 10 - TITLE STATEMENT
Title Lecciones preliminares de filosofía
250 ## - EDITION STATEMENT
Edition statement 9a. ed.
264 #1 - PRODUCTION, PUBLICATION, DISTRIBUTION, MANUFACTURE, AND COPYRIGHT NOTICE
Place of production, publication, distribution, manufacture Buenos Aires :
Name of producer, publisher, distributor, manufacturer Losada
Date of production, publication, distribution, manufacture, or copyright notice 1963
300 ## - PHYSICAL DESCRIPTION
Extent ix, 409 p.
Dimensions 20 cm.
505 ## - FORMATTED CONTENTS NOTE
Formatted contents note 1. El conjunto de la filosofía – 2. El método de la filosofía – 3. La intuición como método de la filosofía – 4. Ingreso en la ontología – 5. La metafísica de Parménides – 6. El realismo de las ideas en plantón – 7. El realismo aristotélico – 8. La metafísica realista – 9. Origen del idealismo – 10. El sistema de descartes – 11. Fenomenología del conocimiento – 12. El empirismo inglés – 13. El racionalismo – 14. La metafísica del racionalismo – 15. El problema del idealismo trascendental – 16. La estética trascendental – 17. La estética trascendental (2ª parte) – 18. Analítica trascendental – 19. Dialéctica trascendental – 20. Fundamentos morales de la metafísica – 21. El idealismo después de Kant – 22. Entrada en la ontología – 23. De lo real y lo ideal – 24. Ontología de los valores – 25. Ontología de la vida.
590 ## - LOCAL NOTE (RLIN)
Local note niveau_biblio:m niveau_hierar:0
942 ## - ADDED ENTRY ELEMENTS (KOHA)
Koha item type
Existencias
Withdrawn status Lost status Damaged status Not for loan Home library Current library Shelving location Date acquired Total checkouts Full call number Barcode Date last seen Price effective from Koha item type
        Biblioteca Prof. Eusebio Cleto del Rey Biblioteca Prof. Eusebio Cleto del Rey   07/04/2026   101 G216 9ed. L20941 07/04/2026 07/04/2026 Libro
        Biblioteca Prof. Eusebio Cleto del Rey Biblioteca Prof. Eusebio Cleto del Rey   07/04/2026   101 G216 9ed. L20942 07/04/2026 07/04/2026 Libro